Stolice państw Europy położone na wybrzeżu - Statystyki

Ogólne statystyki
  • Ten quiz został rozwiązany 3 231 razy
  • Średni wynik to 10 z 12
Statystyki odpowiedzi
Państwo Miasto % Poprawnych
Norwegia Oslo
93%
Portugalia Lizbona
92%
Szwecja Sztokholm
92%
Grecja Ateny
91%
Finlandia Helsinki
91%
Estonia Tallinn
88%
Dania Kopenhaga
87%
Łotwa Ryga
87%
Irlandia Dublin
79%
Monako Monako
72%
Islandia Reykjavík
71%
Malta Valletta
71%
Nie znaleziono quizów pasujących do podanych kryteriów
Rozkład punktacji
Procent ludzi z każdym wynikiem
Percentyl według liczby udzielonych odpowiedzi
Twoja historia wyników
Nie rozwiązałeś tego quizu